| 000 | 00953nam a22002537a 4500 | ||
|---|---|---|---|
| 005 | 20150910153712.0 | ||
| 008 | 090728t xxu||||| |||| 00| 0 pun d | ||
| 010 | _aPUN- B-577995-998 | ||
| 020 |
_c50.00 _a9788126045938 |
||
| 035 | _aPN- B-577995-998 | ||
| 037 | _bDBAD / PUB | ||
| 037 | _bSahitya Akademi | ||
| 037 | _bBPPD/Ven/KBD | ||
| 040 |
_adpl _bpn |
||
| 082 | _a921 | ||
| 100 | _aਵਰਮਾ ,ਸਤੀਸ਼ ਕੁਮਾਰ | ||
| 245 |
_aਹਰਚਰਨ ਸਿੰਘ / _cਸਤੀਸ਼ ਕੁਮਾਰ ਵਰਮਾ |
||
| 246 |
_aHarcharan Singh;A monograoh of punjabi playwright _bby Satish Kumar verma |
||
| 260 |
_aNew delhi _bSahitya Prakashan _c2014 |
||
| 270 |
_bNew Delhi _a35, ਫ਼ਿਰੋਜ਼ਸ਼ਾਹ ਮਾਰਗ ਨਈ ਦਿੱਲੀ _e110001 |
||
| 300 | 4 |
_a116p. _c22ਸੇਂਮੀ (ਸਜਿਲੱਦ) |
|
| 942 |
_2ddc _cPN _h921 _mਹਰਚ |
||
| 999 |
_c88099 _d88099 |
||